000 01198cam a22003014a 4500
001 202056
003 OSt
005 20240624101728.0
008 990308s1999 caua b 001 0 eng
010 _a 99061700
020 _a0122886607
040 _aDLC
_cmust
_dDLC
042 _apcc
050 0 0 _aQH201
_b.G65 1999
082 0 0 _a5o2.82 GOL 1999
_221
100 1 _aGoldstein, D. J.
_q(Dan J.)
_917628
245 1 0 _aUnderstanding the light microscope :
_ba computer-aided introduction /
_cD.J. Goldstein.
260 _aSan Diego :
_bAcademic Press,
_cc1999.
300 _axvii, 192 p. :
_bill. ;
_c23 cm. +
_e1 computer laser optical disc (4 3/4 in.)
504 _aIncludes bibliographical references.
650 0 _aMicroscopy
_xData processing.
_917629
650 0 _aMicroscopes.
_917630
856 4 1 _3Table of contents
_uhttp://www.loc.gov/catdir/toc/els033/99061700.html
856 4 2 _3Publisher description
_uhttp://www.loc.gov/catdir/description/els033/99061700.html
906 _a7
_bcbc
_corignew
_d2
_eopcn
_f19
_gy-gencatlg
942 _2ddc
_cO_SHELF
999 _c8720
_d8720